Συνοπτική δεκαδική ταξινόμηση Dewey και ευρετήριο σχετικών όρων
Αποθηκεύτηκε σε:
| Κύριος συγγραφέας: | |
|---|---|
| Μορφή: | Βιβλίο |
| Γλώσσα: | Greek English |
| Δημοσίευση: |
Αθήνα :
Εθνικό Κέντρο Τεκμηρίωσης,
2001.
|
| Θέματα: | |
| Ετικέτες: |
Προσθήκη ετικέτας
Δεν υπάρχουν, Καταχωρήστε ετικέτα πρώτοι!
|
MARC
| LEADER | 00000cam a2200000 i 4500 | ||
|---|---|---|---|
| 001 | 1/93695 | ||
| 008 | 080912s2001 gr | ||| |||| ||gre|| | ||
| 020 | |a 96086355X | ||
| 035 | |l 10100082 | ||
| 040 | |a GR-MyUA |b gre |e AACR2 | ||
| 041 | 1 | |a gre |h eng | |
| 082 | 0 | |a 025.431 |2 (22) | |
| 100 | 1 | |a Dewey, Melvil |d 1851-1931. | |
| 245 | 1 | 0 | |a Συνοπτική δεκαδική ταξινόμηση Dewey και ευρετήριο σχετικών όρων / |c Melvil Dewey. |
| 260 | |a Αθήνα : |b Εθνικό Κέντρο Τεκμηρίωσης, |c 2001. | ||
| 300 | |a liv, 1086 σ. ; |c 24 εκ. | ||
| 500 | |a Τίτλος πρωτοτύπου: Abridged Dewey decimal classification and relative index. | ||
| 650 | 0 | 0 | |a Classification, Dewey decimal. |
| 852 | |a INST |b CHIOS |e 20080912 |h 025.431 DEW |p 005200031181 |q 005200031181 |t REF |y 23 | ||
| 901 | |a BIBL2-2008-3 | ||
| 909 | |a Χ |b 146484 | ||
| 970 | |a ΒΑΣΙΛΑΚΗ |b ΝΙΚΗ |z 2008/09/12 | ||